000 00569nam a2200229Ia 4500
003 OSt
005 20220924141950.0
006 a|||||r|||| 00| 0
007 ta
008 220923b |||||||| |||| 00| 0 ben d
024 _a299915
037 _cTextual
040 _aARTS
_cARTS
_bben
041 _2ben
_aben
082 _aP157:4k, E3.2,3
100 _aRoy V.C.
_9212738
245 0 _aBanglashabad kosh 2 Vol.
260 _c1923
650 _aBENGALI LITERATURE
942 _hP157:4k, E3.2,3
_cTEXL
_2CC
999 _c448822
_d448822